<?xml version="1.0" encoding="UTF-8"?>
<record
    xmlns:xsi="http://www.w3.org/2001/XMLSchema-instance"
    xsi:schemaLocation="http://www.loc.gov/MARC21/slim http://www.loc.gov/standards/marcxml/schema/MARC21slim.xsd"
    xmlns="http://www.loc.gov/MARC21/slim">

  <leader>00663nam a22001817i 4500</leader>
  <datafield tag="999" ind1=" " ind2=" ">
    <subfield code="c">23386</subfield>
    <subfield code="d">23386</subfield>
  </datafield>
  <controlfield tag="003">AR-CdUCM</controlfield>
  <controlfield tag="008">250902b20182018 pe||||| |||| 00| 0 spa d</controlfield>
  <datafield tag="040" ind1=" " ind2=" ">
    <subfield code="a">MUNICIPALIDAD PROVINCIAL DEL CUSCO</subfield>
    <subfield code="c">BIBLIOTECA MUNICIPAL DEL CUSCO</subfield>
  </datafield>
  <datafield tag="082" ind1=" " ind2=" ">
    <subfield code="a">869.57 / L93E</subfield>
    <subfield code="b">L93E</subfield>
  </datafield>
  <datafield tag="100" ind1=" " ind2=" ">
    <subfield code="a">Lobat&#xF3;n Choque, Jorge</subfield>
  </datafield>
  <datafield tag="245" ind1=" " ind2=" ">
    <subfield code="a">En mi Infierno a veces sale la luna :</subfield>
  </datafield>
  <datafield tag="260" ind1=" " ind2=" ">
    <subfield code="a">Cusco :</subfield>
    <subfield code="b">Autor-Editor</subfield>
    <subfield code="c">2018</subfield>
  </datafield>
  <datafield tag="300" ind1=" " ind2=" ">
    <subfield code="a">106 p&#xE1;ginas. :</subfield>
    <subfield code="c">21x15 cm.</subfield>
  </datafield>
  <datafield tag="505" ind1=" " ind2=" ">
    <subfield code="a">Millonaria pretensi&#xF3;n -- Evitando ch&#xE1;charas - Acomp&#xE1;&#xF1;ame -- Si regresaras -- Lo bueno ya ha terminado -- Fugitivo -- astrofilia</subfield>
  </datafield>
  <datafield tag="942" ind1=" " ind2=" ">
    <subfield code="2">ddc</subfield>
    <subfield code="c">LIBROS</subfield>
  </datafield>
  <datafield tag="945" ind1=" " ind2=" ">
    <subfield code="a">pbjr</subfield>
    <subfield code="d">2-09-2025</subfield>
  </datafield>
  <datafield tag="952" ind1=" " ind2=" ">
    <subfield code="0">0</subfield>
    <subfield code="2">ddc</subfield>
    <subfield code="4">0</subfield>
    <subfield code="7">0</subfield>
    <subfield code="a">SH</subfield>
    <subfield code="b">SH</subfield>
    <subfield code="c">CART</subfield>
    <subfield code="d">2025-09-02</subfield>
    <subfield code="e">Dep&#xF3;sito legal</subfield>
    <subfield code="g">15.00</subfield>
    <subfield code="o">869.57 / L93E </subfield>
    <subfield code="p">SH0000016998</subfield>
    <subfield code="r">2025-09-02</subfield>
    <subfield code="y">LIBROS</subfield>
  </datafield>
</record>
